00283nam a2200109Ia 4500008004000000082001800040100003100058245002300089260004100112300001100153650000900164210210b1999 xxu||||| |||| 00| 0 eng d a954.042K DALH aDALAVI (Brigadier John P). aHimalayan blandar. aBengaluru.bBhavana Prakashanac1999 axx,256 a1962